Al-Jawab as Shahih. (Record no. 594)

MARC details
000 -LEADER
fixed length control field 00401nam a2200157 a 4500
082 00 - DEWEY DECIMAL CLASSIFICATION NUMBER
Classification number 297.2
Author Cutter TAI
100 ## - MAIN ENTRY--AUTHOR NAME
Author name Ibn Taimyia, Abdul Haleem
245 ## - TITLE STATEMENT
Title Al-Jawab as Shahih.
260 ## - PUBLICATION, DISTRIBUTION, ETC. (IMPRINT)
Place of publication Egypt
Name of publisher Maktaba-E-ilmia
Year of publication 1905
300 ## - PHYSICAL DESCRIPTION
Number of Pages 336p
500 ## - GENERAL NOTE
General note includes index and biblioraphy
505 2# - FORMATTED CONTENTS NOTE
Formatted contents note 3 vols. bound together
650 ## - SUBJECT ADDED ENTRY--TOPICAL TERM
Topical Term Islam-Doctrines
942 ## - ADDED ENTRY ELEMENTS (KOHA)
Koha item type Books
700 1# -
-- Ibn Taimyia, Abdul Haleem
Holdings
Home library Current library Date acquired Cost, normal purchase price Full call number Accession Number Koha item type Shelving location
Henry Martyn Institute Library Henry Martyn Institute Library 07/11/2007 100.00 297.2 TAI 05224 E-Books  
Henry Martyn Institute Library Henry Martyn Institute Library 05/31/2018   297.2 TAI V3 05223 Books General stacks
Henry Martyn Institute Library Henry Martyn Institute Library 05/31/2018   297.2 TAI V1 5221 Books  
Henry Martyn Institute Library Henry Martyn Institute Library 05/31/2018   297.2 TAI V2 05222 Books  
                   Copyright © 2026 | Henry Martyn Institute | Hyderabad | TS-500052 | INDIA | Implemented by hmi.edu.in
Hit-Count:

Powered by Koha